000 00617nmm a2200169Ia 4500
008 251105s9999||||xx |||||||||||||||||und||
020 _a9781558855557
041 _aspa
_aeng
100 _aSaldaña Jr., René
245 4 _aThe case of the pen gone missing : a Mickey Rangel mystery = El caso de la pluma perdida : Colección Mickey Rangel, detective privado
264 _a[Washington, Estados Unidos] :
_bArte Público Press,
_c2009
300 _a96 páginas
490 _aMickey Rangel Mystery series
650 _aAges 9-12 Years Old
856 _uhttps://public.digitaliapublishing.com/a/23084
942 _cCF
999 _c74833
_d74833